| 000 | 01146nam a22003377a 4500 | ||
|---|---|---|---|
| 003 | CHAP | ||
| 005 | 20220329135617.0 | ||
| 008 | 971013s1979 r 00010 d | ||
| 010 | _a39265 | ||
| 011 | _a40237 | ||
| 035 | _a44362 | ||
| 040 | _cCHAP | ||
| 082 |
_a574 _bA58 |
||
| 100 | 0 | 0 |
_aAlonso Vega, Herminia. _94611 |
| 245 | _aHacia la biología | ||
| 260 |
_aMéxico, D.F. : _bAlhambra, _c1979 |
||
| 300 |
_a569 p. _b: ilus |
||
| 490 | _aProyecto Alhambra MT62 | ||
| 590 |
_aBATCH-UPD _b10 _c20130110 _lUCH01 _h1805 |
||
| 590 |
_aBATCH-UPD _b10 _c20130410 _lUCH01 _h1141 |
||
| 590 |
_aBATCH-UPD _b10 _c20130914 _lUCH01 _h0633 |
||
| 590 |
_aCONVERSION _b10 _c20130109 _lUCH01 _h1322 |
||
| 650 | 1 | 4 |
_aBiología. _912773 |
| 830 | 0 |
_aProyecto Alhambra MT62 _992488 |
|
| 901 | _aBK | ||
| 942 | _cLIBRO | ||
| 949 |
_a574 A58 _bBC _cLIBRO _d33724000766978 _eLIBRO _h34787 _i44362 _si _t325.00 |
||
| 949 |
_a574 A58 _bBC _cLIBRO _d33724000890505 _eLIBRO _fc.4 _h48375 _i44362 _si _t325.00 |
||
| 949 |
_a574 A58 _bBC _cLIBRO _d33724000892188 _eLIBRO _fc.2 _h49087 _i44362 _si _t325.00 |
||
| 949 |
_a574 A58 _bBC _cLIBRO _d33724002009504 _eLIBRO _fc.5 _h48376 _i44362 _si _t325.00 |
||
| 999 |
_c39265 _d39265 |
||